000 00672nam a2200205Ia 4500
003 GCL
008 140319s9999 xx 000 0 ara d
040 _aGCL /
_cGCL
082 0 4 _a659.2
_bم ع
100 1 _aمحمد محمد البادى
245 1 0 _aالعلاقات العامة ووظائف الادارة العامة /
_cمحمد محمد البادى
260 _a[S.N] :
_bمكتبة الانجلوالمصرية ،
_c1992
300 _a229 ص
490 _a
650 0 4 _aالعلاقات العامة
650 0 4 _aالادارة العامة
650 0 4 _aادارة الافراد
650 0 4 _aالعلاقات الوظيفية
942 _2ddc
_cBK
999 _c31397
_d31397